000 00627nam a22001817a 4500
003 UA-OsUOA
001 16421
007 ta
008 20040110b un ||||| |||| 00| 0 ukr d
100 _aБасараба В.
942 _cSA
040 _aUA-OsUOA
_cUA-OsUOA
_dUA-OsUOA
245 _aМайбутнє починається сьогодні
_b[Розмова з педагогом Рівнен. загальноосвіт. шк. N23 Л.І.Луценко]
300 _aС.14
955 _a0
773 0 _w0
_tВільне слово
_dРівне
_d2003
_g№100 /19 груд./
650 7 _aКраєзнавча робота
_2UDC
999 _c302586
_d302586